Hearts on fire : (Record no. 120973)
[ view plain ]
| 000 -LEADER | |
|---|---|
| fixed length control field | 01383cam a22003374a 4500 |
| 001 - CONTROL NUMBER | |
| control field | 13691495 |
| 003 - CONTROL NUMBER IDENTIFIER | |
| control field | ARRUPE |
| 005 - DATE AND TIME OF LATEST TRANSACTION | |
| control field | 20141216020005.0 |
| 008 - FIXED-LENGTH DATA ELEMENTS--GENERAL INFORMATION | |
| fixed length control field | 040818r20051993ilu 001 0 eng |
| 010 ## - LIBRARY OF CONGRESS CONTROL NUMBER | |
| LC control number | 2004019769 |
| 020 ## - INTERNATIONAL STANDARD BOOK NUMBER | |
| International Standard Book Number | 0829421203 |
| 040 ## - CATALOGING SOURCE | |
| Original cataloging agency | DLC |
| Transcribing agency | DLC |
| Modifying agency | DLC |
| 042 ## - AUTHENTICATION CODE | |
| Authentication code | pcc |
| 050 00 - LIBRARY OF CONGRESS CALL NUMBER | |
| Classification number | BX3703. |
| Item number | H328 2005 |
| 082 00 - DEWEY DECIMAL CLASSIFICATION NUMBER | |
| Classification number | 242/.802 |
| Edition number | 22 |
| 300 ## - PHYSICAL DESCRIPTION | |
| Dimensions | 18 cm. |
| 100 ## - MAIN ENTRY--PERSONAL NAME | |
| Personal name | Harter, Michael. |
| 9 (RLIN) | 11707 |
| 245 00 - TITLE STATEMENT | |
| Title | Hearts on fire : |
| Remainder of title | praying with Jesuits / |
| Statement of responsibility, etc | edited by Michael Harter. |
| 260 ## - PUBLICATION, DISTRIBUTION, ETC. (IMPRINT) | |
| Place of publication, distribution, etc | Chicago : |
| Name of publisher, distributor, etc | Loyola Press, |
| Date of publication, distribution, etc | 2005. |
| 300 ## - PHYSICAL DESCRIPTION | |
| Extent | xxi, 194 p. ; |
| 500 ## - GENERAL NOTE | |
| General note | Originally published: St. Louis, Mo. : Institute of Jesuit Sources, 1993. |
| 500 ## - GENERAL NOTE | |
| General note | Includes index. |
| 610 20 - SUBJECT ADDED ENTRY--CORPORATE NAME | |
| Corporate name or jurisdiction name as entry element | Jesuits |
| Form subdivision | Prayers and devotions. |
| 9 (RLIN) | 11708 |
| 610 20 - SUBJECT ADDED ENTRY--CORPORATE NAME | |
| Corporate name or jurisdiction name as entry element | Catholic Church |
| Form subdivision | Prayers and devotions. |
| 9 (RLIN) | 11709 |
| 700 1# - ADDED ENTRY--PERSONAL NAME | |
| Personal name | Harter, Michael. |
| 9 (RLIN) | 11710 |
| 856 41 - ELECTRONIC LOCATION AND ACCESS | |
| Materials specified | Table of contents |
| Uniform Resource Identifier | <a href="http://www.loc.gov/catdir/toc/ecip0422/2004019769.html">http://www.loc.gov/catdir/toc/ecip0422/2004019769.html</a> |
| 856 42 - ELECTRONIC LOCATION AND ACCESS | |
| Materials specified | Contributor biographical information |
| Uniform Resource Identifier | <a href="http://www.loc.gov/catdir/enhancements/fy1401/2004019769-b.html">http://www.loc.gov/catdir/enhancements/fy1401/2004019769-b.html</a> |
| 856 42 - ELECTRONIC LOCATION AND ACCESS | |
| Materials specified | Publisher description |
| Uniform Resource Identifier | <a href="http://www.loc.gov/catdir/enhancements/fy1401/2004019769-d.html">http://www.loc.gov/catdir/enhancements/fy1401/2004019769-d.html</a> |
| 906 ## - LOCAL DATA ELEMENT F, LDF (RLIN) | |
| a | 7 |
| b | cbc |
| c | orignew |
| d | 1 |
| e | ecip |
| f | 20 |
| g | y-gencatlg |
| 942 ## - ADDED ENTRY ELEMENTS (KOHA) | |
| Source of classification or shelving scheme | Library of Congress Classification |
| Koha item type | Monograph ( Printed materials) |
| Koha issues (borrowed), all copies | 1 |
| Withdrawn status | Lost status | Source of classification or shelving scheme | Damaged status | Not for loan | Collection code | Home library | Current library | Shelving location | Date acquired | Total Checkouts | Full call number | Barcode | Date last seen | Price effective from | Koha item type | Date checked out |
|---|---|---|---|---|---|---|---|---|---|---|---|---|---|---|---|---|
| Library of Congress Classification | Main Collection | ARRUPE LIBRARY | ARRUPE LIBRARY | Main Collection | 25/09/2014 | BX3703. H328 2005 | 46500001385 | 22/11/2017 | 25/09/2014 | Monograph ( Printed materials) | ||||||
| Library of Congress Classification | Main Collection | ARRUPE LIBRARY | ARRUPE LIBRARY | Main Collection | 25/09/2014 | 1 | BX3703. H328 2005 | 46500001386 | 22/11/2017 | 25/09/2014 | Monograph ( Printed materials) | 15/12/2014 | ||||
| Library of Congress Classification | Main Collection | ARRUPE LIBRARY | ARRUPE LIBRARY | Main Collection | 14/02/2019 | BX3703. H328 2005 | 46600003774 | 14/02/2019 | 14/02/2019 | Monograph ( Printed materials) |